000
00249 a2200097 4500
001
56781
100
_a
245
_a
My first book, world of Peter Rabbit, Wheel on the bus, scuffy teddy opposites
260
_a
NY
_b
Blackie
_c
090
_c
34879
_d
34879
942
_a
NUST-CAE
_c
_c
27645
999
_c
291854
_d
291854